| 000 | 00973nam a2200277 i 4500 | ||
|---|---|---|---|
| 003 | DO-SdBNP | ||
| 005 | 20240613114513.0 | ||
| 006 | a||||gr|||| 00| 0 | ||
| 007 | ta | ||
| 008 | 240613e2023 dr a|||| |||| 00| 0 pa d | ||
| 020 | _a9789945187540 | ||
| 040 |
_aDO-SdBNP _bspa _cBNPHU _erda |
||
| 082 | 4 |
_222 _bC352m |
|
| 100 | 1 |
_aCastillo, Leonelda, _eautor _985657 |
|
| 245 | 1 | 0 |
_aManifiesta con el corazón: _b10 lecciones para crear la vida que realmente deseas / _cLeonelda Castillo; edición, María Paz |
| 264 | 1 |
_a[no identificado] : _bViviendo desde el Corazón, _c2023 |
|
| 300 |
_a155 páginas : _bilutraciones ; _c15 cm |
||
| 336 |
_2rdacontent _atexto _btxt |
||
| 337 |
_2rdamedia _ain mediación _bn |
||
| 338 |
_2rdacarrier _avolumen _bnc |
||
| 500 | _aIncluye bibliografía en la solapa de la contracubierta. | ||
| 504 | _aBibliografía: página 155. | ||
| 590 | _aInventariado 2024 / MF | ||
| 700 | 1 |
_aPaz Aguilo, María, _967481 _eeditor |
|
| 942 |
_2ddc _cLBS1 |
||
| 999 |
_c56844 _d56844 |
||